000 00549nam a2200181Ia 4500
003 GCL
008 140319s9999 xx 000 0 ara d
040 _aGCL /
_cGCL
082 0 4 _a813.03
_bم ح
100 1 _aمحمد كمال محمد
245 1 0 _aالحب فى ارض الشوك /
_cمحمد كمال محمد
300 _a144 ص
490 _aكتاب اليوم
_v0
650 0 4 _aالقصص العربية
650 0 4 _aالادب العربى - العصر الحديث
650 0 4 _aالقصص العربية - مصر
942 _2ddc
_cBK
999 _c39909
_d39909